|
|
|
|
| LEADER |
00000nab a2200000 a 4500 |
| 001 |
vtls009295128 |
| 003 |
SK-MaSNL |
| 005 |
20260304164551.0 |
| 008 |
250507c2007 xo |||||| ab ||00 b|slo |
| 015 |
|
|
|a SNBRB2008/05
|2 snkbucl
|
| 035 |
|
|
|a urn:nbn:sk:snk-ab7xn9
|
| 035 |
|
|
|a (urnnbn)urn:nbn:sk:snk:ar-004sxx
|
| 035 |
|
|
|a (uuid)0c340a24-d862-4744-b373-52e97887d387
|
| 038 |
|
|
|a SNKBUCL
|
| 040 |
|
|
|a SNKBUCL
|b slo
|c SNKBUCL
|e AACR2
|
| 041 |
0 |
|
|a slo
|b ger
|
| 044 |
|
|
|a xo
|c SK
|
| 080 |
|
|
|a 930.1:141.82
|2 1997
|
| 080 |
|
|
|a 141.82:930.1
|2 1997
|
| 080 |
|
|
|a 94(437.6)
|2 1997
|
| 080 |
|
|
|a 93/94:061.12
|x (437.6)
|b SAV
|2 1997
|
| 080 |
|
|
|a 061.12
|x (437.6)
|b SAV
|2 1997
|
| 080 |
|
|
|a 930.1
|x (437.6)
|2 1997
|
| 100 |
1 |
|
|a Hudek, Adam,
|d 1979-
|4 aut
|9 106565
|
| 245 |
1 |
0 |
|a Pokus o konštruovanie marxistického národného príbehu v rokoch 1948-1955
|c Adam Hudek
|
| 504 |
|
|
|a Bibliogr. odkazy a pramene v poznámkach
|
| 546 |
|
|
|a Abstrakt angl. Res. nem.
|
| 600 |
1 |
7 |
|a Holotík, Ľudovít,
|d 1923-1985
|2 SNKMA
|9 193575
|
| 610 |
2 |
7 |
|a Slovenská akadémia vied.
|b Historický ústav
|2 snkbucl
|9 124213
|
| 648 |
|
7 |
|a 20. stor., 40.-50. r.
|2 snkbucl
|9 835375
|
| 648 |
|
7 |
|a 1948-1955
|2 snkbucl
|9 700410
|
| 650 |
0 |
7 |
|a marxistická historiografia
|2 snkbucl
|9 81066
|
| 650 |
0 |
7 |
|a národné dejiny
|2 snkbucl
|9 28945
|
| 650 |
0 |
7 |
|a slovenská historiografia
|2 snkbucl
|9 823496
|
| 650 |
0 |
7 |
|a marxizmus-leninizmus
|2 snkbucl
|9 2161
|
| 650 |
0 |
7 |
|a marxistická periodizácia dejín
|2 snkbucl
|9 1493572
|
| 651 |
|
7 |
|a Slovensko
|2 snkbucl
|
| 773 |
0 |
|
|t Historický časopis
|g Roč. 55, č. 4 (2007), s. 721-738
|x 0018-2575
|
| 850 |
|
|
|a Slovenská národná knižnica
|
| 852 |
|
|
|a Slovenská národná knižnica
|
| 954 |
|
|
|a odborná, vedecká literatúra pôvodná (slovenská)
|2 lita
|
| 958 |
|
|
|a article9
|
| 958 |
|
|
|a OND
|
| 958 |
|
|
|a NB
|
| 958 |
|
|
|a EUIPO
|
| 999 |
|
|
|c 2980921
|d 2982851
|